Can you Save the Alhambra's Lost Treasure? - Statistics

General Stats
  • This quiz has been taken 443 times
    332 since last reset
  • The average score is 8 of 10
Answers on the Map
Answers color-coded by a green-red scale on the quiz's map according to % correct below.
 
Answer Stats
Type Answer % Correct
Country shape France
97%
Country shape Portugal
94%
Country shape Sudan
86%
Country shape Sri Lanka
84%
Country shape Chile
82%
Country shape Cuba
76%
Country shape Togo
72%
Country shape Qatar
67%
Country shape Sierra Leone
62%
Answer Flag - Belize
59%
No matching quizzes found
Score Distribution
Percent of People with Each Score
Percentile by Number Answered
Your Score History
You have not taken this quiz since the last reset